Online Catalogue and eLibrary

Amathita pem kala gehaniya (Record no. 4867)

MARC details
000 -LEADER
fixed length control field 00413nam a2200157Ia 4500
005 - DATE AND TIME OF LATEST TRANSACTION
control field 20250411043405.0
008 - FIXED-LENGTH DATA ELEMENTS--GENERAL INFORMATION
fixed length control field 240331s9999 xx 000 0 und d
020 ## - INTERNATIONAL STANDARD BOOK NUMBER
ISBN 9555910243
082 ## - DDC Classification
Item Number - Author Mark NIH
Class No. 891
100 ## - MAIN ENTRY--PERSONAL NAME
Personal name Nihalnanda,K.P
245 #0 - TITLE STATEMENT
Title Amathita pem kala gehaniya
260 ## - PUBLICATION, DISTRIBUTION, ETC.
Place of publication, distribution, etc. Nawala
Name of publisher, distributor, etc. Kurulu poth
Date of publication, distribution, etc. 1991
300 ## - PHYSICAL DESCRIPTION
Extent (e.g. Volumes, Pages etc.) 75 p .,
500 ## - GENERAL NOTE
General note Story of a women who fallen love with the minister
942 ## - Koha item type (Biblio)
Koha item type Books in Stacks (Lending)
Holdings
Lost status Damaged status Collection code Home library Current library Shelving location Date acquired Full call number Accession Number Item type
    Lending WERC Library WERC Library Social Science Cupboard 03/31/2024 891.48 NIH 1494 Books in Stacks (Lending)

© WERC Library